| 000 | 00000nas 2200000za 4500 |
| 001 | 9.502848 |
| 003 | CaOODSP |
| 005 | 20221107133148 |
| 007 | cr ||||||||||| |
| 008 | 150406d20002004oncar p o f0 b0fre|d |
| 022 | |a1701-6525 |
| 040 | |aCaOODSP|bfre |
| 043 | |an-cn--- |
| 086 | 1 |aTU1-1F-PDF |
| 130 | 0 |aSommaire statistique du BST, événements maritimes (En ligne) |
| 222 | 0|aSommaire statistique du BST, événements maritimes |b(En ligne) |
| 245 | 10|aSommaire statistique du BST, événements maritimes |h[ressource électronique]. |
| 246 | 3 |aSommaire statistique du Bureau de la sécurité des transports, événements maritimes |
| 246 | 13|aStatistiques sur les événements maritimes |
| 260 | |a[Ottawa : |bBureau de la sécurité des transports du Canada, |c2000-2004] |
| 310 | |aAnnuel |
| 362 | 1 |aParaît depuis 2000; ne paraît plus après 2004. |
| 500 | |aPubl. aussi en anglais sous le titre : TSB statistical summary, marine occurrences. |
| 520 | 3 |aFournit un résumé de certaines statistiques sur les événements maritimes (accidents et incidents, ou situations pouvant causer des accidents ou des incidents) mettant en cause des navires de commerce. |
| 691 | 07|aAccident maritime|2gcpds |
| 710 | 2 |aBureau de la sécurité des transports du Canada. |
| 775 | 08|tTSB statistical summary, marine occurrences |w(CaOODSP)9.506452 |
| 785 | 00|tSommaire statistique des événements maritimes |w(CaOODSP)9.502191 |